01177cam a22002534a 4500020001500000040000800015082002600023245016000049246009600209246009700305246009800402260004800500300003400548490005500582500004800637650002400685650002600709650001700735650001600752700001700768710004700785710003400832856005700866 a8874380216 cDLC00a551 LTA 2004 A084 Or.00a10th workshop, Italian research on Antarctic atmosphere and SCAR workshop on oceanography :bRoma, 22-24 October 2003, Italian National Researdch Council /3 aTenth workshop, Italian research on Antarctic atmosphere and SCAR workshop on oceanography15a10⁰ workshop, ricerche italiane sull'atmosfera Antartica e SCAR workshop sull'oceanografia3 aDecimo workshop, ricerche italiane sull'atmosfera Antartica e SCAR workshop sull'oceanografia aBologna :bItalian Physical Society,c2004. axii, 349 p. :bill. ;c25 cm.1 aConference proceedings / Italian Physical Society, aAt head of title: Italian physical society. 0aAtmospheric physics 0aAtmospheric chemistry 0aOceanography 0aMeteorology1 aColacino, M.2 aConsiglio nazionale delle ricerche (Italy)2 aSocietà italiana di fisica.41uhttp://www.loc.gov/catdir/toc/fy0607/2006352540.html